000 00703cam a2200253 4500
001 ABS62382
008 000000n2000 000 0 eng u
035 _a(Sirsi) u106328
100 _aMasters, J.
245 _aBack on track
260 _c2000
490 _aSurveyor
_v 18 May 2000, 12-13(2)
520 _aReports on plans to reopen the Waverley railway line between Carlisle and Edinburgh, and the results of a feasibility study.
590 _aABS
650 _aWAVERLEY RAILWAY LINE
650 _aRURAL REGENERATION
650 _aTRANSPORT
650 _aSCOTLAND
650 _aRAIL TRANSPORT
650 _aCARLISLE
650 _aEDINBURGH
690 _aREGENERATION
942 _n0
999 _c63678
_d63678